[Event "Vinnytsia"]
[Site "?"]
[Date "2016.03.30"]
[Round "3.2"]
[White "Matviishen, Viktor"]
[Black "Romcovici, Victor"]
[Result "1-0"]
[WhiteElo "2349"]
[BlackElo "2123"]
[PlyCount "97"]
[EventDate "2016.??.??"]

1. e4 e5 2. Nf3 Nc6 3. Bb5 g6 4. O-O Bg7 5. c3 a6 6. Ba4 d6 7. d4 Bd7 8. d5
Nce7 9. Bxd7+ Qxd7 10. c4 Nf6 11. Nc3 O-O 12. c5 Nh5 13. cxd6 cxd6 14. g3 h6
15. Nh4 Kh7 16. Ng2 f5 17. exf5 Nxf5 18. Ne4 Nd4 19. Nh4 Nf6 20. Qd3 Nxd5 21.
Nxg6 Rf3 22. Nf8+ Kg8 23. Qxd4 Qc6 24. Qd1 Raxf8 25. b3 Nb4 26. Nd2 Rd3 27. Ba3
a5 28. Rc1 Qd5 29. Bxb4 axb4 30. Rc2 e4 31. Qe2 Re8 32. Nc4 b5 33. Ne3 Qe6 34.
Rd1 Qg6 35. Rcd2 Rxd2 36. Qxd2 Be5 37. Qxb4 Rf8 38. Qxb5 h5 39. Ng2 Qg4 40. Re1
Kg7 41. Qb7+ Rf7 42. Qxe4 Qd7 43. Nh4 Qa7 44. Re2 Qc5 45. Rc2 Bc3 46. Qd3 Rc7
47. Nf5+ Kf6 48. Nxd6 Qe5 49. Ne4+ 1-0

[Event "Vinnytsia"]
[Site "?"]
[Date "2016.03.30"]
[Round "3.3"]
[White "Tregubov, Vadim"]
[Black "Skliarov, Viktor"]
[Result "1/2-1/2"]
[WhiteElo "2305"]
[BlackElo "2436"]
[PlyCount "90"]
[EventDate "2016.??.??"]

1. e4 c5 2. Nf3 Nc6 3. d4 cxd4 4. Nxd4 Nf6 5. Nc3 e5 6. Ndb5 d6 7. Bg5 a6 8.
Na3 b5 9. Nd5 Be7 10. Bxf6 Bxf6 11. c4 b4 12. Nc2 a5 13. g3 O-O 14. Qd3 Bg5 15.
h4 Bh6 16. Bh3 Bxh3 17. Rxh3 Ne7 18. Nde3 Bxe3 19. Nxe3 Qb6 20. Rd1 Rfd8 21. h5
h6 22. g4 a4 23. Rg3 b3 24. axb3 axb3 25. Nf5 Qb4+ 26. Kf1 Nxf5 27. gxf5 Rac8
28. Rc1 Kf8 29. Qxb3 Qd2 30. Qc3 Qf4 31. Qe3 Qh4 32. Rh3 Qg4 33. Qf3 Qg5 34.
Qe3 Qg4 35. b3 Ra8 36. Re1 Rdb8 37. Qg3 Qxg3 38. Rxg3 Ra2 39. Re2 Ra1+ 40. Re1
Ra2 41. Rd3 Ke7 42. Rg3 Rb2 43. Ree3 Kf6 44. Rd3 Rb6 45. Kg2 Re2 1/2-1/2

[Event "Vinnytsia"]
[Site "?"]
[Date "2016.03.30"]
[Round "3.5"]
[White "Macovei, Andrei"]
[Black "Bykovskiy, Oleg"]
[Result "1-0"]
[WhiteElo "2326"]
[BlackElo "2229"]
[PlyCount "67"]
[EventDate "2016.??.??"]

1. e4 Nf6 2. e5 Nd5 3. d4 d6 4. c4 Nb6 5. exd6 cxd6 6. Nc3 g6 7. Nf3 Bg7 8. h3
O-O 9. Be2 Nc6 10. O-O Bf5 11. Bg5 h6 12. Be3 d5 13. c5 Nc4 14. Bc1 b6 15. b3
bxc5 16. bxc4 cxd4 17. Nxd5 d3 18. Bxd3 Bxd3 19. Qxd3 Bxa1 20. Bxh6 Bg7 21.
Bxg7 Kxg7 22. Qc3+ e5 23. Nxe5 Nxe5 24. Qxe5+ f6 25. Qd4 Rf7 26. Re1 Rb8 27.
Qe4 Qd6 28. Nf4 f5 29. Qe3 Kh7 30. Ne6 Rd7 31. c5 Qd2 32. Qe5 Rb2 33. Rf1 Kg8
34. c6 1-0

[Event "Vinnytsia"]
[Site "?"]
[Date "2016.03.31"]
[Round "4.1"]
[White "Buksa, Nataliya"]
[Black "Skliarov, Viktor"]
[Result "0-1"]
[WhiteElo "2310"]
[BlackElo "2436"]
[PlyCount "72"]
[EventDate "2016.??.??"]

1. e4 c5 2. Nf3 Nc6 3. Bb5 e6 4. O-O Nge7 5. d4 cxd4 6. Nxd4 Qb6 7. Nxc6 bxc6
8. Bd3 Ng6 9. c4 Bd6 10. Nc3 O-O 11. g3 c5 12. f4 Bb7 13. Rf2 Be7 14. Be3 d6
15. Qc2 Bf6 16. Re1 Bd4 17. h4 Ne7 18. Bxd4 cxd4 19. Nb1 Qc6 20. Nd2 Nf5 21.
Kh2 Ne3 22. Qb1 Ng4+ 23. Kg1 Nxf2 24. Kxf2 f5 25. Nb3 a5 26. Qc1 e5 27. Qd2
exf4 28. gxf4 fxe4 29. Bxe4 Qb6 30. Bxb7 Qxb7 31. Nxd4 Rae8 32. Ne6 Rf6 33.
Qxd6 Qf7 34. Nc7 Rxf4+ 35. Kg3 Rf3+ 36. Kg2 Rf2+ 0-1

[Event "Vinnytsia"]
[Site "?"]
[Date "2016.03.31"]
[Round "4.2"]
[White "Morozov, Nichita"]
[Black "Tregubov, Vadim"]
[Result "1/2-1/2"]
[WhiteElo "2372"]
[BlackElo "2305"]
[PlyCount "50"]
[EventDate "2016.??.??"]

1. d4 d5 2. c4 e6 3. Nc3 Nf6 4. Nf3 c6 5. Bf4 Bd6 6. Bg3 Ne4 7. Qd3 f5 8. e3
O-O 9. Be2 Nd7 10. Bxd6 Nxd6 11. c5 Ne4 12. b4 b6 13. O-O a5 14. a3 Ba6 15. Qc2
Nxc3 16. Bxa6 Rxa6 17. Qxc3 b5 18. Nd2 Qc7 19. Qb2 a4 20. f3 Raa8 21. Rae1 Rf6
22. e4 Rh6 23. g3 f4 24. g4 Qd8 25. exd5 Rxh2 $11 1/2-1/2

[Event "Vinnytsia"]
[Site "?"]
[Date "2016.03.31"]
[Round "4.3"]
[White "Gudok, Viktor"]
[Black "Matviishen, Viktor"]
[Result "0-1"]
[WhiteElo "2211"]
[BlackElo "2349"]
[PlyCount "166"]
[EventDate "2016.??.??"]

1. e4 c6 2. d4 d5 3. Nc3 dxe4 4. Nxe4 Nf6 5. Nxf6+ gxf6 6. Nf3 Bf5 7. Bd3 Qd7
8. Bf4 Qe6+ 9. Kf1 Nd7 10. Qe2 Bxd3 11. Qxd3 O-O-O 12. h3 Nc5 13. Qe3 Qc4+ 14.
Kg1 Ne6 15. c3 h5 16. Bg3 Qd5 17. Kh2 Bh6 18. Qe2 Rd7 19. Rhe1 h4 20. Bxh4 Bf4+
21. Bg3 Rdd8 22. Qe4 Qd6 23. Ng1 Bxg3+ 24. fxg3 Rdg8 25. Re3 Kd8 26. Rae1 Rg5
27. Rf1 Rhg8 28. Ne2 Ng7 29. Qf4 Nf5 30. Qxd6+ Nxd6 31. b3 f5 32. Rf4 e6 33. c4
Ne4 34. Rd3 Ke7 35. Rff3 Rd8 36. Ng1 Nf6 37. Rfe3 Rh5 38. Re2 Rhh8 39. Nf3 Rd6
40. Nh4 Ne4 41. Nf3 Nf6 42. Kg1 Rg8 43. Nh2 Rgd8 44. Red2 c5 45. Nf3 Ne4 46.
Rd1 Nxg3 47. Kf2 f4 48. d5 Kf6 49. Nh2 e5 50. Rxg3 fxg3+ 51. Kxg3 Kg6 52. Ng4
Re8 53. Re1 f6 54. Kf3 Rd7 55. Nf2 f5 56. Nd3 e4+ 57. Kf2 b6 58. Nf4+ Kf6 59.
Ke3 Rg8 60. Rg1 Rg3+ 61. Kd2 Ke5 62. Nh5 Rd3+ 63. Ke2 Rh7 64. g4 Rxh3 65. Rf1
R7xh5 66. gxh5 Rxh5 67. a4 f4 68. a5 Rh2+ 69. Rf2 Rh3 70. axb6 axb6 71. d6 Rd3
72. Rh2 f3+ 73. Ke1 Rxd6 74. Rh5+ Kd4 75. Kf2 Kc3 76. Ke3 Re6 77. Rh1 Kxb3 78.
Rc1 Kb2 79. Rh1 Kb3 80. Rc1 Rf6 81. Kxe4 f2 82. Rf1 Kxc4 83. Ke5 Rf8 0-1

[Event "Vinnytsia"]
[Site "?"]
[Date "2016.03.31"]
[Round "4.4"]
[White "Romcovici, Victor"]
[Black "Macovei, Andrei"]
[Result "0-1"]
[WhiteElo "2123"]
[BlackElo "2326"]
[PlyCount "72"]
[EventDate "2016.??.??"]

1. e4 c5 2. Nc3 Nc6 3. f4 g6 4. Nf3 Bg7 5. Bc4 e6 6. O-O Nge7 7. e5 d5 8. exd6
Qxd6 9. Ne4 Qc7 10. d3 b6 11. a3 O-O 12. Qe1 Bb7 13. Qh4 Nd4 14. Nxd4 Bxd4+ 15.
Kh1 Nf5 16. Qh3 Rad8 17. c3 Bg7 18. Be3 Rd7 19. Rae1 Rfd8 20. Bf2 Bd5 21. Bb5
Bc6 22. Bxc6 Rxd3 23. Qg4 Qxc6 24. Bh4 Ne3 25. Rxe3 Rxe3 26. Bxd8 Qxe4 27. Bh4
h5 28. Qd1 Re2 29. Rg1 Rxb2 30. Qd8+ Kh7 31. Bg5 e5 32. Qe7 Qf5 33. h3 exf4 34.
Bh4 Bxc3 35. Qb7 Be5 36. Rf1 Rb1 0-1

[Event "Vinnytsia"]
[Site "?"]
[Date "2016.03.31"]
[Round "4.5"]
[White "Bykovskiy, Oleg"]
[Black "Itkis, Boris"]
[Result "1-0"]
[WhiteElo "2229"]
[BlackElo "2372"]
[PlyCount "70"]
[EventDate "2016.??.??"]

1. Nc3 d5 2. d4 c6 3. Bf4 Nf6 4. e3 g6 5. f3 Bg7 6. g4 h5 7. g5 Nfd7 8. e4 dxe4
9. Nxe4 Qb6 10. c3 Qxb2 11. Bc4 Nb6 12. Bb3 Qg2 13. Nf2 O-O 14. Qe2 c5 15.
O-O-O cxd4 16. h4 dxc3 17. Rh2 Qxh2 18. Bxh2 Nc6 19. Qe3 Bf5 20. Ne4 Rac8 21.
Ne2 c2 22. Rd2 Nb4 23. a3 Nc6 24. Rxc2 Na5 25. Ba2 Rxc2+ 26. Kxc2 Rc8+ 27. Kd1
Nac4 28. Bxc4 Rxc4 29. Bb8 Ra4 30. Qc5 Bxe4 31. fxe4 Rxe4 32. Bxa7 Nc4 33. Qc8+
Bf8 34. Qxb7 Rxh4 35. Bc5 Nb2+ 1-0

[Event "Vinnytsia"]
[Site "?"]
[Date "2016.03.31"]
[Round "5.1"]
[White "Matviishen, Viktor"]
[Black "Buksa, Nataliya"]
[Result "0-1"]
[WhiteElo "2349"]
[BlackElo "2310"]
[PlyCount "108"]
[EventDate "2016.??.??"]

1. Nf3 Nf6 2. c4 g6 3. Nc3 d5 4. cxd5 Nxd5 5. Qa4+ Bd7 6. Qh4 Nxc3 7. dxc3 Nc6
8. Bf4 Bg7 9. Qg3 Rc8 10. O-O-O f6 11. e4 e5 12. Be3 Qe7 13. Nd2 Qf7 14. h4 Be6
15. h5 g5 16. h6 Bf8 17. Be2 Ne7 18. Nb3 Ng6 19. Bg4 b6 20. Qh3 Bxg4 21. Qxg4
Rb8 22. Qe2 Bd6 23. Qb5+ Qd7 24. a4 a5 25. Nd2 Qxb5 26. axb5 Kf7 27. Nc4 Be7
28. g3 Rhd8 29. Rdf1 Ke6 30. f4 exf4 31. gxf4 gxf4 32. Bxf4 Nxf4 33. Rxf4 Rg8
34. Ne3 Bd6 35. Rf3 Be5 36. Rd1 Rg3 37. Rxg3 Bxg3 38. Kc2 Bf4 39. Nd5 Be5 40.
Rg1 f5 41. Ne3 fxe4 42. Rg4 Rf8 43. Rxe4 Rf4 44. Kd3 a4 45. Nc4 Rxe4 46. Kxe4
Bf6 47. Kf4 Kd5 48. Na3 Be7 49. Kf5 Bf8 50. Kg5 Ke4 51. Nc2 Be7+ 52. Kg4 Kd3
53. Nd4 Kd2 54. Nc6 Bf8 0-1

[Event "Vinnytsia"]
[Site "?"]
[Date "2016.03.31"]
[Round "5.2"]
[White "Macovei, Andrei"]
[Black "Gudok, Viktor"]
[Result "1-0"]
[WhiteElo "2326"]
[BlackElo "2211"]
[PlyCount "113"]
[EventDate "2016.??.??"]

1. e4 c5 2. Nf3 d6 3. d4 cxd4 4. Nxd4 Nf6 5. Nc3 g6 6. Be3 Bg7 7. f3 O-O 8. Qd2
Nc6 9. Bc4 Bd7 10. O-O-O Qa5 11. h4 Rfc8 12. Bb3 Ne5 13. g4 b5 14. h5 b4 15.
Nd5 Nxd5 16. Bxd5 Nc4 17. Bxc4 Rxc4 18. Kb1 Rac8 19. hxg6 fxg6 20. Qh2 Qe5 21.
Qxh7+ Kf7 22. Rh6 Rg8 23. Qxg6+ Kf8 24. Rh5 Qf6 25. Qxf6+ Bxf6 26. Ne2 a6 27.
Nf4 Be8 28. Rh7 Rh8 29. Ne6+ Kg8 30. Rxh8+ Bxh8 31. Bd4 Bf7 32. b3 Rc8 33. Ng5
Bxd4 34. Rxd4 a5 35. Nxf7 Kxf7 36. Rd5 Rc3 37. Rxa5 e5 38. Rb5 Rxf3 39. Rxb4
Rf4 40. a4 Rxg4 41. a5 Rg8 42. Ra4 d5 43. exd5 Ra8 44. a6 Ke7 45. a7 Kd6 46. c4
Kc5 47. Kc2 e4 48. Kc3 Kb6 49. d6 Kb7 50. Kd4 Kc6 51. c5 Kb7 52. Kxe4 Re8+ 53.
Kd5 Ka8 54. Re4 Rh8 55. d7 Kxa7 56. Kc6 Rh6+ 57. Kc7 1-0

[Event "Vinnytsia"]
[Site "?"]
[Date "2016.03.31"]
[Round "5.3"]
[White "Skliarov, Viktor"]
[Black "Morozov, Nichita"]
[Result "1/2-1/2"]
[WhiteElo "2436"]
[BlackElo "2372"]
[PlyCount "47"]
[EventDate "2016.??.??"]

1. e4 e5 2. Nc3 Nf6 3. Bc4 Bc5 4. d3 d6 5. Na4 Bd4 6. c3 Bxf2+ 7. Kxf2 c6 8. h3
b5 9. Bb3 bxa4 10. Bxa4 O-O 11. Nf3 Qb6+ 12. Kg3 d5 13. Qe1 Ba6 14. Bc2 Nbd7
15. Kh2 Rfe8 16. b3 Nc5 17. Be3 d4 18. cxd4 Nxd3 19. Bxd3 Bxd3 20. dxe5 Qc7 21.
Qg3 Nxe4 22. Qf4 f6 23. exf6 Qxf4+ 24. Bxf4 $11 1/2-1/2

[Event "Vinnytsia"]
[Site "?"]
[Date "2016.03.31"]
[Round "5.4"]
[White "Tregubov, Vadim"]
[Black "Bykovskiy, Oleg"]
[Result "1-0"]
[WhiteElo "2305"]
[BlackElo "2229"]
[PlyCount "59"]
[EventDate "2016.??.??"]

1. e4 e5 2. d4 exd4 3. Nf3 Nc6 4. Nxd4 Bc5 5. Nb3 Bb6 6. Nc3 Qf6 7. Qe2 Nge7 8.
Be3 d6 9. O-O-O O-O 10. f3 Be6 11. h4 Bxe3+ 12. Qxe3 a5 13. a3 h5 14. Qg5 Qxg5+
15. hxg5 Bxb3 16. cxb3 g6 17. f4 Nd8 18. f5 gxf5 19. exf5 Nxf5 20. Bd3 Ne3 21.
Rde1 Ng4 22. Rxh5 Ne5 23. Bf5 Ne6 24. Reh1 Ng6 25. Nd5 Rfd8 26. Bxe6 fxe6 27.
Nf6+ Kf8 28. Rh7 Rac8 29. R1h6 Ne7 30. g6 1-0

[Event "Vinnytsia"]
[Site "?"]
[Date "2016.03.31"]
[Round "5.5"]
[White "Itkis, Boris"]
[Black "Romcovici, Victor"]
[Result "1-0"]
[WhiteElo "2372"]
[BlackElo "2123"]
[PlyCount "91"]
[EventDate "2016.??.??"]

1. d4 d6 2. e4 g6 3. c4 Bg7 4. Nc3 Na6 5. Be2 c5 6. d5 Nf6 7. Nf3 O-O 8. O-O
Nc7 9. Bf4 a6 10. a4 Rb8 11. h3 Bd7 12. e5 Nfe8 13. Qb3 b6 14. Rfe1 dxe5 15.
Nxe5 Nd6 16. Qa3 a5 17. Rad1 Bxe5 18. Bxe5 Na6 19. b3 f6 20. Bg3 Nb4 21. Qb2
Rb7 22. Bg4 Nf5 23. Nb5 Nxg3 24. Bxd7 Rxd7 25. fxg3 e5 26. Qe2 Qe7 27. g4 Re8
28. Qe4 Qg7 29. Rf1 Red8 30. Rde1 Re8 31. Rf2 h6 32. Nc3 Na6 33. Qe2 Nc7 34.
Ref1 Rf8 35. Ne4 Ne8 36. Qd3 Kh8 37. h4 Rdf7 38. d6 Rd7 39. Qd5 h5 40. Qxe5
hxg4 41. Nxf6 g3 42. Nxd7 gxf2+ 43. Rxf2 Rg8 44. Nf6 Rf8 45. d7 Nxf6 46. Qxf6
1-0

[Event "Vinnytsia"]
[Site "?"]
[Date "2016.04.01"]
[Round "6.1"]
[White "Buksa, Nataliya"]
[Black "Morozov, Nichita"]
[Result "0-1"]
[WhiteElo "2310"]
[BlackElo "2372"]
[PlyCount "154"]
[EventDate "2016.??.??"]

1. e4 e5 2. Nf3 Nc6 3. Bb5 a6 4. Ba4 Nf6 5. O-O Be7 6. Re1 b5 7. Bb3 O-O 8. h3
d6 9. c3 Bb7 10. d4 Nd7 11. a3 Bf6 12. d5 Ne7 13. Be3 Ng6 14. Nbd2 c5 15. Nf1
c4 16. Bc2 Nc5 17. Qd2 Ne7 18. N1h2 Bc8 19. Ng4 Bxg4 20. hxg4 Ng6 21. g3 Qc8
22. Nh2 Bd8 23. f4 exf4 24. gxf4 Bh4 25. Bf2 Bxf2+ 26. Qxf2 Re8 27. Re3 Nd3 28.
Bxd3 cxd3 29. Rae1 d2 30. Rd1 Qc4 31. Qf3 Nh4 32. Qe2 Qxe2 33. Rxe2 Ng6 34.
Rdxd2 Nxf4 35. Re1 Re7 36. Nf3 Rae8 37. Rd4 h5 38. gxh5 Nxh5 39. Kf2 Nf6 40.
Nd2 Re5 41. a4 Rh5 42. Nf3 Nd7 43. axb5 axb5 44. Rd3 Nc5 45. Rde3 f6 46. Kg3
Kf7 47. Kg4 Reh8 48. Ra1 Nxe4 49. Ra7+ Kg6 50. Kf4 f5 51. Re7 Rf8 52. Re1 Kh6
53. Re6+ g6 54. Rg1 Rf6 55. Ke3 Rh3 56. Kf4 Rxf3+ 57. Kxf3 Ng5+ 58. Rxg5 Kxg5
59. Re8 Kh6 60. b4 g5 61. c4 bxc4 62. Re6 Kg7 63. b5 g4+ 64. Ke2 Rf7 65. b6 f4
66. Re4 c3 67. Kd3 g3 68. b7 Rxb7 69. Rxf4 Kh6 70. Rf1 Kg5 71. Kxc3 Kg4 72. Rg1
Kf3 73. Rf1+ Ke2 74. Rf6 Rg7 75. Rxd6 g2 76. Re6+ Kf2 77. Rf6+ Kg3 0-1

[Event "Vinnytsia"]
[Site "?"]
[Date "2016.04.01"]
[Round "6.2"]
[White "Bykovskiy, Oleg"]
[Black "Skliarov, Viktor"]
[Result "0-1"]
[WhiteElo "2229"]
[BlackElo "2436"]
[PlyCount "44"]
[EventDate "2016.??.??"]

1. e4 c5 2. Nf3 Nc6 3. Bb5 e6 4. O-O Nge7 5. c3 a6 6. Ba4 b5 7. Bc2 d5 8. a4 b4
9. d4 b3 10. Bxb3 dxe4 11. Ng5 cxd4 12. Nd2 h6 13. Ngxe4 Nf5 14. a5 Be7 15. Ba4
Bb7 16. Nb3 O-O 17. Nec5 Bxc5 18. Nxc5 Nxa5 19. Nxb7 Nxb7 20. g4 Nh4 21. cxd4
Qxd4 22. Be3 Qe4 0-1

[Event "Vinnytsia"]
[Site "?"]
[Date "2016.04.01"]
[Round "6.3"]
[White "Matviishen, Viktor"]
[Black "Macovei, Andrei"]
[Result "1/2-1/2"]
[WhiteElo "2349"]
[BlackElo "2326"]
[PlyCount "127"]
[EventDate "2016.??.??"]

1. d4 Nf6 2. c4 g6 3. Nc3 Bg7 4. Nf3 O-O 5. Bg5 c5 6. e3 cxd4 7. exd4 d5 8.
Bxf6 Bxf6 9. cxd5 Bg4 10. Be2 Qb6 11. O-O Qxb2 12. Na4 Qa3 13. Nc5 Nd7 14. Ne4
Nb6 15. Ne5 Bxe2 16. Qxe2 Nxd5 17. Qb5 Bxe5 18. dxe5 Nb6 19. e6 Rad8 20. exf7+
Rxf7 21. Qe5 Qa4 22. Ng5 Rd5 23. Qg3 Rf6 24. Nh3 e5 25. Rfe1 Qd4 26. Rac1 Nc4
27. Qb3 b5 28. Red1 Qc5 29. Rxd5 Qxd5 30. Rd1 Qc6 31. Ng5 Rd6 32. Rxd6 Qxd6 33.
Qf3 Qd7 34. h4 Kg7 35. Qe4 h6 36. Nf3 Kf6 37. h5 gxh5 38. Qh4+ Ke6 39. Qxh5 a5
40. Qxh6+ Kd5 41. Qc1 Qg4 42. Qd1+ Kc5 43. a4 b4 44. Qd3 Qf4 45. Qd7 Qc1+ 46.
Kh2 Qh6+ 47. Kg1 Qc6 48. Qa7+ Qb6 49. Qe7+ Qd6 50. Qa7+ Kd5 51. Qf7+ Qe6 52.
Qb7+ Qc6 53. Qf7+ Kc5 54. Qa7+ Kd6 55. Qb8+ Qc7 56. Qb5 Qc6 57. Qb8+ Kd5 58.
Qd8+ Kc5 59. Nxe5 Nxe5 60. Qxa5+ Kc4 61. Qxe5 Qxa4 62. Qe4+ Kc5 63. Qe5+ Kc4
64. Qe4+ 1/2-1/2

[Event "Vinnytsia"]
[Site "?"]
[Date "2016.04.01"]
[Round "6.4"]
[White "Gudok, Viktor"]
[Black "Itkis, Boris"]
[Result "0-1"]
[WhiteElo "2211"]
[BlackElo "2372"]
[PlyCount "68"]
[EventDate "2016.??.??"]

1. e4 d6 2. d4 Nf6 3. Nc3 g6 4. Nf3 Bg7 5. Be2 O-O 6. O-O a6 7. h3 b5 8. e5
Nfd7 9. Bf4 Nb6 10. Qc1 Nc6 11. Bh6 Bb7 12. Bxg7 Kxg7 13. Qf4 b4 14. Ne4 dxe5
15. dxe5 Nd4 16. Bd3 Nxf3+ 17. gxf3 Qd4 18. Qg5 Rae8 19. Ng3 Kh8 20. Rfe1 Bxf3
21. Be4 Bxe4 22. Rxe4 Qxb2 23. Rae1 Rg8 24. Kh2 Qxc2 25. Rf4 Qxa2 26. Rg1 Nd7
27. Rh4 Qxf2+ 28. Rg2 Qf3 29. Qh6 Nf8 30. Rxb4 Qc3 31. Re4 Ne6 32. h4 Rd8 33.
Re3 Rd3 34. Ne4 Qxe5+ 0-1

[Event "Vinnytsia"]
[Site "?"]
[Date "2016.04.01"]
[Round "6.5"]
[White "Romcovici, Victor"]
[Black "Tregubov, Vadim"]
[Result "1/2-1/2"]
[WhiteElo "2123"]
[BlackElo "2305"]
[PlyCount "23"]
[EventDate "2016.??.??"]

1. d4 c5 2. e3 Nf6 3. Nf3 g6 4. Bd3 Bg7 5. O-O d6 6. Nbd2 O-O 7. b3 a5 8. a4
Nc6 9. Bb2 Nb4 10. Be2 cxd4 11. Nxd4 e5 12. Nb5 1/2-1/2

[Event "Vinnytsia"]
[Site "?"]
[Date "2016.04.01"]
[Round "7.1"]
[White "Macovei, Andrei"]
[Black "Buksa, Nataliya"]
[Result "1-0"]
[WhiteElo "2326"]
[BlackElo "2310"]
[PlyCount "73"]
[EventDate "2016.??.??"]

1. e4 c5 2. Nf3 d6 3. d4 cxd4 4. Nxd4 a6 5. Nc3 e5 6. Nb3 Nf6 7. f3 Be6 8. Be3
h5 9. Nd5 Bxd5 10. exd5 Nbd7 11. Qd2 Qc7 12. c4 b6 13. Be2 g6 14. O-O Bg7 15.
Rac1 O-O 16. Kh1 a5 17. Na1 Nc5 18. Nc2 Qd7 19. Na3 Ne8 20. Nb5 Nc7 21. Nc3 f5
22. b3 Ne8 23. Rb1 Nf6 24. a3 Qe7 25. b4 axb4 26. axb4 Ncd7 27. Bg1 Kf7 28. c5
bxc5 29. bxc5 dxc5 30. Bc4 Ke8 31. d6 Qd8 32. Qg5 Qa5 33. Qxg6+ Kd8 34. Nd5 Qa4
35. Qxg7 Qxc4 36. Qe7+ Kc8 37. Nb6+ 1-0

[Event "Vinnytsia"]
[Site "?"]
[Date "2016.04.01"]
[Round "7.2"]
[White "Itkis, Boris"]
[Black "Matviishen, Viktor"]
[Result "1-0"]
[WhiteElo "2372"]
[BlackElo "2349"]
[PlyCount "43"]
[EventDate "2016.??.??"]

1. d4 Nf6 2. c4 e6 3. g3 c5 4. Nf3 cxd4 5. Nxd4 Qc7 6. Nd2 Nc6 7. Nb5 Qb6 8.
Bg2 d5 9. O-O Ne5 10. b3 Bc5 11. Bb2 Nfg4 12. e3 Bd7 13. Nf3 Bxe3 14. Nxe5 Nxf2
15. Qf3 Ne4+ 16. Kh1 Ng5 17. Nxd7 Kxd7 18. Qd1 f6 19. Re1 h5 20. Bxd5 Ke7 21.
Bd4 Bxd4 22. Qxd4 1-0

[Event "Vinnytsia"]
[Site "?"]
[Date "2016.04.01"]
[Round "7.3"]
[White "Morozov, Nichita"]
[Black "Bykovskiy, Oleg"]
[Result "0-1"]
[WhiteElo "2372"]
[BlackElo "2229"]
[PlyCount "82"]
[EventDate "2016.??.??"]

1. d4 Nf6 2. c4 g6 3. Nc3 d5 4. Bf4 Bg7 5. e3 c5 6. dxc5 Qa5 7. Rc1 dxc4 8.
Bxc4 O-O 9. a3 Qxc5 10. Nb5 Be6 11. Be2 Qd5 12. Nc7 Qa5+ 13. b4 Qxa3 14. Nxa8
Ne4 15. Kf1 Nc6 16. b5 Nb4 17. f3 Nc3 18. Ra1 Nba2 19. Qc2 Rxa8 20. Kf2 Rc8 21.
Qd2 Ne4+ 22. fxe4 Bxa1 23. Nf3 Bc3 24. Qd1 Bg7 25. Ng5 Nc3 26. Qd3 Qb2 27. Nxe6
Nxe2 28. Kf3 fxe6 29. Qxe2 Qb3 30. g4 e5 31. Bg5 h6 32. Bh4 Rc2 33. Qe1 Qf7+
34. Kg3 g5 35. Rf1 gxh4+ 36. Kh3 Qa2 37. Rh1 Bf6 38. b6 axb6 39. Qd1 Rd2 40.
Qc1 Rf2 41. Qd1 Qe2 0-1

[Event "Vinnytsia"]
[Site "?"]
[Date "2016.04.01"]
[Round "7.4"]
[White "Skliarov, Viktor"]
[Black "Romcovici, Victor"]
[Result "1/2-1/2"]
[WhiteElo "2436"]
[BlackElo "2123"]
[PlyCount "136"]
[EventDate "2016.??.??"]

1. e4 e5 2. Nc3 Nf6 3. Nf3 Nc6 4. d4 exd4 5. Nxd4 Bb4 6. Nxc6 bxc6 7. Bd3 d5 8.
exd5 cxd5 9. O-O O-O 10. Bg5 c6 11. Qf3 h6 12. Bxf6 Qxf6 13. Qxf6 gxf6 14. Ne2
Rb8 15. b3 Re8 16. Rad1 Bg4 17. f3 Bf5 18. Ng3 Bxd3 19. Rxd3 Kh7 20. Rc1 Ba3
21. Rcd1 Kg6 22. Kf1 Re6 23. Ne2 Re7 24. Nd4 Rb6 25. Rc3 Rc7 26. f4 Bd6 27.
Rg3+ Kh7 28. Nf5 Bf8 29. Re3 Rb8 30. Rde1 Rcc8 31. Ne7 Rc7 32. g3 a5 33. a4 Rd8
34. Nf5 Rcc8 35. Rd3 Re8 36. Rxe8 Rxe8 37. Re3 Rb8 38. Ke2 c5 39. Kd3 Rb4 40.
Re8 c4+ 41. bxc4 dxc4+ 42. Kc3 Bc5 43. Rc8 Bf2 44. Rxc4 Rb1 45. Rc6 Kg6 46.
Ne7+ Kg7 47. Nd5 Rh1 48. Nxf6 Rxh2 49. Ng4 Be1+ 50. Kd3 Rh3 51. Ne3 Bxg3 52.
Ke4 Be1 53. Nf5+ Kh7 54. Rf6 h5 55. Rxf7+ Kg6 56. Rg7+ Kf6 57. Rc7 Ra3 58. Rc6+
Kf7 59. Nd4 Rxa4 60. Ke5 h4 61. Rc7+ Ke8 62. Ne6 Ra3 63. Kf6 Bc3+ 64. Kg6 h3
65. Rh7 Bb2 66. Ng5 Rg3 67. Kf5 a4 68. Ne4 Rf3 1/2-1/2

[Event "Vinnytsia"]
[Site "?"]
[Date "2016.04.01"]
[Round "7.5"]
[White "Tregubov, Vadim"]
[Black "Gudok, Viktor"]
[Result "1-0"]
[WhiteElo "2305"]
[BlackElo "2211"]
[PlyCount "125"]
[EventDate "2016.??.??"]

1. e4 c5 2. Nf3 d6 3. d4 cxd4 4. Nxd4 Nf6 5. Nc3 g6 6. Be3 Bg7 7. f3 O-O 8. Qd2
Nc6 9. g4 Be6 10. O-O-O Nxd4 11. Bxd4 Qa5 12. a3 Rfc8 13. h4 Rab8 14. Nd5 Qxd2+
15. Rxd2 Nxd5 16. exd5 Bxd4 17. Rxd4 Bd7 18. h5 b5 19. Bd3 a6 20. g5 Kf8 21.
hxg6 hxg6 22. Rh7 Bf5 23. Bxf5 gxf5 24. Rdh4 Re8 25. R4h6 Kg8 26. Kd2 Rf8 27.
Ke3 Rbc8 28. Kf4 Rc5 29. Rh8+ Kg7 30. R6h7+ Kg6 31. Rxf8 Kxh7 32. Rxf7+ Kg6 33.
Rxe7 Rc4+ 34. Ke3 f4+ 35. Kd3 Kxg5 36. Re6 Kf5 37. b3 Rc5 38. Rxd6 a5 39. c4 a4
40. Rc6 bxc4+ 41. bxc4 Ra5 42. Kd4 Ra8 43. Rc7 Kf6 44. Ke4 Rb8 45. Rc6+ Ke7 46.
Ra6 Rb3 47. Rxa4 Rc3 48. Kxf4 Kd6 49. Ra6+ Kd7 50. Ke5 Rxc4 51. Ra7+ Kc8 52. f4
Rc3 53. f5 Re3+ 54. Kd6 Rf3 55. Ke6 Re3+ 56. Kd6 Rf3 57. Ra8+ Kb7 58. Rf8 Rxa3
59. f6 Rf3 60. f7 Rf1 61. Re8 Rf6+ 62. Re6 Rf5 63. Ke7 1-0

[Event "Vinnytsia"]
[Site "?"]
[Date "2016.04.02"]
[Round "8.1"]
[White "Buksa, Nataliya"]
[Black "Bykovskiy, Oleg"]
[Result "1-0"]
[WhiteElo "2310"]
[BlackElo "2229"]
[PlyCount "59"]
[EventDate "2016.??.??"]

1. e4 Nf6 2. e5 Nd5 3. d4 d6 4. Nf3 Bg4 5. Be2 c6 6. Ng5 Bf5 7. e6 fxe6 8. g4
Bg6 9. Nxe6 Qd7 10. Nf4 Nxf4 11. Bxf4 Qc7 12. Qd2 Nd7 13. Nc3 O-O-O 14. O-O-O
Nf6 15. Bc4 Kb8 16. Be6 Be8 17. Rhe1 Bd7 18. h3 Bxe6 19. Rxe6 Qa5 20. Rde1 Ne8
21. Bg5 Nf6 22. a3 h6 23. Bxf6 gxf6 24. Ne4 Qd5 25. Ng3 Qg2 26. Nf5 Qxh3 27.
Qa5 Rc8 28. Nxe7 Bxe7 29. Rxe7 c5 30. d5 1-0

[Event "Vinnytsia"]
[Site "?"]
[Date "2016.04.02"]
[Round "8.2"]
[White "Romcovici, Victor"]
[Black "Morozov, Nichita"]
[Result "0-1"]
[WhiteElo "2123"]
[BlackElo "2372"]
[PlyCount "92"]
[EventDate "2016.??.??"]

1. d4 Nf6 2. Bg5 e6 3. e4 h6 4. Bxf6 Qxf6 5. c3 d6 6. Bd3 Nd7 7. Ne2 g6 8. O-O
Bg7 9. f4 O-O 10. Nd2 Qe7 11. e5 b6 12. Ng3 Bb7 13. Qg4 Rfd8 14. Be4 Bxe4 15.
Ndxe4 d5 16. Nd2 c5 17. a3 Rac8 18. Rac1 Nb8 19. Nf3 Nc6 20. Ne2 Rc7 21. h4 h5
22. Qh3 cxd4 23. Nexd4 Nxd4 24. Nxd4 Kh7 25. Rc2 Rh8 26. g3 Rc4 27. Re2 Qc5 28.
g4 hxg4 29. Qxg4 Kg8 30. Kg2 Qe7 31. Rh1 Rh5 32. Nf3 b5 33. Ng5 a5 34. Ra1 Bh6
35. Qg3 Qb7 36. Kf2 Bxg5 37. hxg5 d4 38. cxd4 Rxd4 39. Qe3 Qd5 40. Rae1 Kg7 41.
Qg3 Qc4 42. Kf3 Qd3+ 43. Kg2 Qf5 44. Rf2 Rd8 45. Re3 Rdh8 46. Qf3 Rh2+ 0-1

[Event "Vinnytsia"]
[Site "?"]
[Date "2016.04.02"]
[Round "8.3"]
[White "Gudok, Viktor"]
[Black "Skliarov, Viktor"]
[Result "0-1"]
[WhiteElo "2211"]
[BlackElo "2436"]
[PlyCount "68"]
[EventDate "2016.??.??"]

1. e4 c5 2. Nf3 Nf6 3. e5 Nd5 4. Nc3 e6 5. g3 Nxc3 6. dxc3 Nc6 7. Bg2 Qc7 8.
Qe2 h6 9. h4 b6 10. Bf4 Bb7 11. O-O-O O-O-O 12. Nd2 d5 13. exd6 Bxd6 14. Bxd6
Rxd6 15. Nc4 Rxd1+ 16. Rxd1 Rd8 17. Rxd8+ Kxd8 18. Qd3+ Ke7 19. Qh7 Ne5 20.
Bxb7 Nxc4 21. Ba6 Qe5 22. Qd3 Nd6 23. Qd2 c4 24. a4 Qa5 25. Qd4 Qxa6 26. Qxg7
Qxa4 27. Qxh6 Qa1+ 28. Kd2 Qxb2 29. Qg5+ Kd7 30. Qf4 Qb5 31. g4 Qd5+ 32. Ke3 e5
33. Qg5 Qe4+ 34. Kd2 Qf4+ 0-1

[Event "Vinnytsia"]
[Site "?"]
[Date "2016.04.02"]
[Round "8.4"]
[White "Matviishen, Viktor"]
[Black "Tregubov, Vadim"]
[Result "1-0"]
[WhiteElo "2349"]
[BlackElo "2305"]
[PlyCount "56"]
[EventDate "2016.??.??"]

1. d4 c5 2. d5 d6 3. e4 g6 4. Nc3 Bg7 5. Bb5+ Bd7 6. a4 Nf6 7. Nf3 O-O 8. Nd2
e6 9. O-O exd5 10. exd5 Bf5 11. Be2 Na6 12. g4 Bc8 13. Nc4 h5 14. gxh5 Bh3 15.
h6 Bh8 16. Re1 Re8 17. Bf4 Ne4 18. Nxe4 Rxe4 19. Bg3 Qg5 20. c3 Nc7 21. Nxd6
Re7 22. Bf3 Rxe1+ 23. Qxe1 Nxd5 24. Rd1 Nf4 25. Qe4 Ne6 26. Nxf7 Qf6 27. Qxb7
Qxf7 28. h7+ Kf8 1-0